书目信息 |
| 题名: |
鸟类动态写生
|
|
| 作者: | 贺伯英 编绘 | |
| 分册: | ||
| 出版信息: | 北京 中国旅游出版社 1983 |
|
| 页数: | 101页 | |
| 开本: | 26cm | |
| 丛书名: | ||
| 单 册: | ||
| 中图分类: | J221.8 | |
| 科图分类: | ||
| 主题词: | 鸟-写生画--中国--现代--画册 , 写生画-鸟--中国--现代--画册 | |
| 电子资源: | ||
| ISBN: | ||
| 000 | 00669nam0 2200241 45 | |
| 001 | 0183010588 | |
| 005 | 20060421084925.00 | |
| 010 | @dCNY1.20 | |
| 091 | @a8179.349 | |
| 100 | @a19950509d1983 emky0chiy0121 ea | |
| 101 | 0 | @achi |
| 102 | @aCN@b110000 | |
| 105 | @aa z 000yy | |
| 200 | 10 | @a鸟类动态写生@Aniao lei dong tai xie sheng@f贺伯英编绘@Fhe bo ying bian hui |
| 210 | @a北京@c中国旅游出版社@d1983 | |
| 215 | @a101页@d26cm | |
| 606 | @a鸟-写生画@y中国@z现代@x画册 | |
| 606 | @a写生画-鸟@y中国@z现代@x画册 | |
| 690 | @aJ221.8@v3 | |
| 701 | 0 | @a贺伯英@Ahe bo ying@4编绘 |
| 801 | 2 | @aCN@bNLC@c20060421 |
| 801 | 0 | @aCN@bTSSF |
| 905 | @a10447@dJ221.8@e107 | |
| 鸟类动态写生/贺伯英编绘.-北京:中国旅游出版社,1983 |
| 101页;26cm |
| ISBN :CNY1.20 |
| ● |
| 相关链接 |
|
|
|
|
正题名:鸟类动态写生
索取号:J221.8/107
 
预约/预借
| 序号 | 登录号 | 条形码 | 馆藏地/架位号 | 状态 | 备注 |
| 1 | 0173476 | 202276321 | 密集书库/ [索取号:J221.8/107] | 在馆 |